00161nam a2200073Ia 4500008004100000082000800041100001500049245002300064240331s9999 xx 000 0 und d bUYA aUyangoda,J 4aThe value of peace